Statistiques concernant Trouve les paroles - En Apesanteur - Calogero

Cliquez ici pour prendre le quiz!

Statistiques générales

  • Ce quiz a été pris 135 fois
  • Le résultat moyen est 155 sur 169

Statistiques - réponses

Réponse% Correct
à
100%
le
100%
les
100%
Les
100%
se
100%
apesanteur
99%
En
99%
en
99%
que
99%
des
97%
Pourvu
97%
Dans
96%
heures
96%
Juste
96%
juste
96%
me
96%
ne
96%
portes
96%
secondes
96%
soient
96%
avant
95%
J'arrive
95%
referment
95%
glisser
94%
je
94%
Je
94%
la
94%
ascenseur
93%
cet
93%
Et
93%
fait
92%
Elle
91%
quitter
90%
sa
90%
terre
90%
un
90%
étage
89%
quel
89%
qu'on
89%
seuls
89%
soit
89%
ange
88%
avec
88%
dit
88%
ferme
88%
suis
88%
tête
88%
voix
88%
Alors
86%
Tout
85%
yeux
85%
mélange
83%
rien
81%
dansent
80%
n'arrête
80%
voyage
80%
rivés
79%
Sur
79%
au
78%
chiffres
78%
étages
75%
J'ai
74%
ses
73%
coeur
72%
bord
71%
cheveux
71%
sens
70%
autre
68%
D'un
68%
chaleur
66%
langage
64%
arrange
60%
regarder
59%
sans
59%

Distribution des résultats

Percentile par nombre de réponses

% des personnes avec chaque résultat

Votre développement - résultats

Vous n’avez pas pris ce quiz